FC Nantes : 11 du XXème siècle - Statistiques

Statistiques générales
  • Ce quiz a été pris 77 fois
  • Le résultat moyen est 5 sur 12
Statistiques - réponses
Postes Pays Années de passage Joueurs % Correct
Entraîneur France 1982-1988/1991-1997 Jean-Claude Suaudeau
73%
Milieu de terrain Tchad 1990-1997 Japhat N'Doram
71%
Défenseur Droit France 1973-1985/1990-1991 Maxime Bossis
71%
Milieu de terrain France 1966-1982 Henri Michel
66%
Défenseur Central Argentine 1998-2002 Nestor Fabbri
43%
Gardien France 1969-1987 Jean-Paul Bertrand-Demanes
39%
Attaquant France 1973-1990 Loïc Amisse
39%
Attaquant Yougoslavie 1981-1986 Vahid Halilhodzic
39%
Milieu de terrain France 1979-1986 José Touré
23%
Défenseur Gauche France 1979-1986/1987-1988 William Ayache
20%
Défenseur Central France 1970-1984 Patrice Rio
16%
Attaquant France 1971-1984 Bernard Blanchet
13%
Aucun quiz correspondant
Distribution des résultats
% des personnes avec chaque résultat
Percentile par nombre de réponses
Votre historique - résultats
Vous n’avez pas pris ce quiz